| 000 | 01497ny a22003493n 4500 | ||
|---|---|---|---|
| 005 | 20240305165333.0 | ||
| 008 | 091203s us 000 eng d | ||
| 022 | _a0251-7329 | ||
| 035 | _a2903 | ||
| 040 |
_aUCM.PP _dvLex |
||
| 080 | _a007(051) | ||
| 090 |
_c1635 _d1635 |
||
| 245 | 3 | 0 |
_aUN Chronicle _h[Recurso electrónico] |
| 246 | 3 | _aCrónicas ONU | |
| 256 | _aServicio en línea | ||
| 260 |
_aNew York : _bNaciones Unidas |
||
| 310 | _aMensual | ||
| 500 | _aA partir del naÌum. 4, vol. XII, aaÌno 1975 y hasta el naÌum. 5, vol. XIX, aaÌno 1982, cambio de editoriales, formato y taÌitulo: ONU CraÌonica (0254-8410). - A partir del naÌum. 6, vol. XIX, aaÌno 1982, cambio de taÌitulo: CraÌonica de las Naciones Unidas (0251-7329) | ||
| 506 | 1 |
_aContenido solo disponible en los productos indicados _dvLex Global _dvLex Global (Academic Edition, excluding Law Schools) _dvLex Global (Academic Edition, Law Schools) |
|
| 610 | 1 | 4 |
_aNaciones Unidas _xPublicaciones periódicas |
| 650 | 0 | 4 | _aPolitical science |
| 650 | 0 | 4 | _aInternational Relations/International Justice |
| 650 | 0 | 4 | _aInternational relations |
| 710 | 2 | _aNaciones Unidas | |
| 740 | 0 | _avLex Revista (Servicios en línea) | |
| 785 | 0 | 0 |
_tCrónica de las Naciones Unidas = _bUN Chronicle, _x0251-7329 |
| 785 | 0 | 0 |
_tONU Crónica, _x0254-8410 |
| 843 | _aElectrónica. Abierta | ||
| 853 |
_81 _i(year) _j(month) _k(day) |
||
| 856 | 4 | 0 | _uhttps://app.vlex.com/#/sources/2903 |
| 942 | _cRAA | ||
| 999 |
_c160100 _d160100 |
||